[Event "Damhus-ch C"]
[Site "Rodovre"]
[Date "2011.09.20"]
[Round "3"]
[White "Enemark, Bjorn"]
[Black "Sorensen, Poul Busk"]
[Result "1/2-1/2"]
[WhiteElo "1510"]
[BlackElo "1518"]
[PlyCount "69"]
[EventDate "2011.09.06"]
[EventType "tourn"]
[EventRounds "7"]
[EventCountry "DEN"]
[SourceTitle "EXT 2023"]
[Source "ChessBase"]
[SourceDate "2022.10.05"]
[SourceVersion "1"]
[SourceVersionDate "2022.10.05"]
[SourceQuality "1"]

1. f4 d5 2. Nf3 Nf6 3. e3 Bg4 4. Be2 Bxf3 5. Bxf3 c6 6. b3 Nbd7 7. Bb2 Qc7 8. 0-0 e5 9. fxe5 Nxe5 10. d3 Bd6 11. g3 0-0-0 12. Nd2 h5 13. e4 h4 14. g4 Nxf3+ 15. Qxf3 Bxh2+ 16. Kh1 Be5 17. Qf5+ Nd7 18. Bxe5 Qxe5 19. exd5 cxd5 20. Qxe5 Nxe5 21. Rg1 Rde8 22. Raf1 f6 23. Rf5 Rd8 24. Nf1 Nc6 25. c3 Ne7 26. Rf3 d4 27. c4 Nc6 28. Nd2 Ne5 29. Rh3 g5 30. Ne4 Rhf8 31. Nf2 Rd6 32. Re1 Kd7 33. Re4 Re8 34. Kg2 Nc6 35. Rxe8 1/2-1/2

[Event "Damhus-ch B"]
[Site "Rodovre"]
[Date "2010.10.05"]
[Round "5"]
[White "Lergren, Ole"]
[Black "Sorensen, Poul Busk"]
[Result "1/2-1/2"]
[WhiteElo "1547"]
[BlackElo "1417"]
[PlyCount "44"]
[EventDate "2010.09.07"]
[EventType "tourn"]
[EventRounds "7"]
[EventCountry "DEN"]
[SourceTitle "EXT 2023"]
[Source "ChessBase"]
[SourceDate "2022.10.05"]
[SourceVersion "1"]
[SourceVersionDate "2022.10.05"]
[SourceQuality "1"]

1. f4 d5 2. Nf3 c5 3. g3 Nc6 4. Bg2 Nf6 5. 0-0 Bf5 6. Nh4 Be4 7. Bxe4 Nxe4 8. d3 Nf6 9. Re1 e6 10. Nd2 Be7 11. Nhf3 0-0 12. e4 dxe4 13. dxe4 Nd4 14. c3 Nxf3+ 15. Qxf3 b5 16. Nb3 a5 17. Be3 Qc7 18. Rad1 a4 19. Nc1 Qc6 20. Bf2 c4 21. g4 Bc5 22. Bd4 Rad8 1/2-1/2

[Event "Rodovre-ch B"]
[Site "Rodovre"]
[Date "2009.10.20"]
[Round "7"]
[White "Sorensen, Poul Busk"]
[Black "Hansen, Ernst Mader"]
[Result "1-0"]
[WhiteElo "1500"]
[BlackElo "1582"]
[PlyCount "63"]
[EventDate "2009.09.01"]
[EventType "tourn"]
[EventRounds "7"]
[EventCountry "DEN"]
[SourceTitle "EXT 2023"]
[Source "ChessBase"]
[SourceDate "2022.10.05"]
[SourceVersion "1"]
[SourceVersionDate "2022.10.05"]
[SourceQuality "1"]

1. d4 Nf6 2. c4 g6 3. Nc3 d5 4. Nf3 Bg7 5. e3 0-0 6. cxd5 Nxd5 7. Be2 Nxc3 8. bxc3 c5 9. 0-0 Nc6 10. Qc2 cxd4 11. cxd4 a6 12. Bb2 Nb4 13. Qd2 Nd5 14. Rfd1 Re8 15. Rac1 e6 16. e4 Nf6 17. e5 Nd5 18. g3 Bd7 19. h4 Rc8 20. Nh2 Bf8 21. a3 f5 22. h5 f4 23. hxg6 hxg6 24. Rxc8 Bxc8 25. Ng4 g5 26. Bf3 Bg7 27. Qd3 fxg3 28. fxg3 Rf8 29. Kg2 Kf7 30. Rf1 Ne7 31. Qh7 Nf5 32. Nh6+ 1-0

[Event "Rodovre-ch B"]
[Site "Rodovre"]
[Date "2009.09.01"]
[Round "1"]
[White "Nielsen, Niels Holger"]
[Black "Sorensen, Poul Busk"]
[Result "1-0"]
[WhiteElo "1415"]
[BlackElo "1500"]
[PlyCount "81"]
[EventDate "2009.09.01"]
[EventType "tourn"]
[EventRounds "7"]
[EventCountry "DEN"]
[SourceTitle "EXT 2023"]
[Source "ChessBase"]
[SourceDate "2022.10.05"]
[SourceVersion "1"]
[SourceVersionDate "2022.10.05"]
[SourceQuality "1"]

1. e4 e6 2. d4 d5 3. Nd2 c5 4. c3 Nc6 5. Ngf3 dxe4 6. Nxe4 cxd4 7. cxd4 Bb4+ 8. Nc3 Nf6 9. a3 Bxc3+ 10. bxc3 Ne4 11. Qc2 f5 12. Bc4 Nd6 13. Ba2 Nf7 14. 0-0 0-0 15. Bb2 Qe7 16. Rfe1 Qd6 17. Rad1 Ne7 18. c4 b6 19. d5 exd5 20. cxd5 Kh8 21. Nd4 Nh6 22. Ne6 Bxe6 23. Rxe6 Qd7 24. Rxh6 Rac8 25. Qd3 Ng8 26. Rh4 Qd6 27. Qd4 Qf6 28. d6 Rc2 29. Qxf6 Nxf6 30. Bxf6 gxf6 31. Bb1 Rc5 32. Rhd4 Kg7 33. h3 Kg6 34. d7 Rd8 35. Kh2 Rc3 36. Re1 Rc7 37. Re7 a6 38. g4 Kg5 39. Bxf5 h5 40. Rg7+ Kh6 41. Rh7+ 1-0